[Event "Valjevo op"]
[Site "Valjevo"]
[Date "2010.11.11"]
[Round "6"]
[White "Kostic, Dusan R"]
[Black "Cvijetic, Vladimir"]
[Result "1/2-1/2"]
[WhiteElo "2027"]
[BlackElo "1876"]
[PlyCount "49"]
[EventDate "2010.11.08"]
[EventType "swiss"]
[EventRounds "9"]
[EventCountry "YUG"]
[SourceTitle "EXT 2011"]
[Source "ChessBase"]
[SourceDate "2010.11.26"]
[SourceVersion "1"]
[SourceVersionDate "2010.11.26"]
[SourceQuality "1"]

1. c4 f5 2. Nc3 Nf6 3. d4 e6 4. g3 d5 5. cxd5 exd5 6. Bg2 c6 7. Bd2 Bd6 8. e3 Be6 9. Nge2 Nbd7 10. a3 a5 11. 0-0 0-0 12. Rc1 Ne4 13. f3 Nxc3 14. Bxc3 Nf6 15. Qd2 Kh8 16. Nf4 Bg8 17. Rfe1 Qb6 18. Kh1 Rfe8 19. Nd3 Nd7 20. f4 Nf6 21. Ne5 Bxe5 22. dxe5 Ne4 23. Bxe4 dxe4 24. Bd4 Qc7 25. Qc3 1/2-1/2

[Event "Valjevo op"]
[Site "Valjevo"]
[Date "2010.11.09"]
[Round "2"]
[White "Kostic, Dusan R"]
[Black "Novakovic, Slobodan"]
[Result "0-1"]
[WhiteElo "2027"]
[BlackElo "2203"]
[PlyCount "44"]
[EventDate "2010.11.08"]
[EventType "swiss"]
[EventRounds "9"]
[EventCountry "YUG"]
[SourceTitle "EXT 2011"]
[Source "ChessBase"]
[SourceDate "2010.11.26"]
[SourceVersion "1"]
[SourceVersionDate "2010.11.26"]
[SourceQuality "1"]

1. c4 Nf6 2. d4 c5 3. d5 b5 4. e3 bxc4 5. Bxc4 g6 6. Nc3 Bg7 7. e4 d6 8. Nge2 0-0 9. 0-0 Nbd7 10. f4 Rb8 11. Rb1 Rb4 12. b3 Rb8 13. Bb2 Qa5 14. Qd3 Ne8 15. Na4 Bxb2 16. Rxb2 Nc7 17. Nac3 a6 18. Re1 Nb5 19. e5 Nb6 20. e6 Nxc4 21. exf7+ Rxf7 22. Qxc4 Nd4 0-1

[Event "Novi Becej op 25th"]
[Site "Novi Becej"]
[Date "2007.06.14"]
[Round "6"]
[White "Kostic, Dusan R"]
[Black "Kaposztas, Miklos"]
[Result "1/2-1/2"]
[WhiteElo "2020"]
[BlackElo "2227"]
[PlyCount "40"]
[EventDate "2007.06.09"]
[EventType "swiss"]
[EventRounds "9"]
[EventCountry "YUG"]
[SourceTitle "CBM 118 Extra"]
[Source "ChessBase"]
[SourceDate "2007.07.04"]
[SourceVersion "1"]
[SourceVersionDate "2007.07.04"]
[SourceQuality "1"]

1. c4 g6 2. Nc3 Bg7 3. d4 Nf6 4. e4 0-0 5. Be3 c5 6. d5 d6 7. f3 e6 8. Bd3 Na6 9. a3 Nc7 10. Nge2 exd5 11. cxd5 Re8 12. Bg5 h6 13. Bh4 a6 14. a4 Bd7 15. a5 Nb5 16. 0-0 Qc7 17. Bc4 Rac8 18. Qd2 Kh7 19. Bf2 Nxc3 20. Nxc3 Re7 1/2-1/2

[Event "Novi Becej op 25th"]
[Site "Novi Becej"]
[Date "2007.06.11"]
[Round "3"]
[White "Cerubdzic, Branislav"]
[Black "Kostic, Dusan R"]
[Result "1/2-1/2"]
[WhiteElo "2156"]
[BlackElo "2020"]
[PlyCount "127"]
[EventDate "2007.06.09"]
[EventType "swiss"]
[EventRounds "9"]
[EventCountry "YUG"]
[SourceTitle "CBM 118 Extra"]
[Source "ChessBase"]
[SourceDate "2007.07.04"]
[SourceVersion "1"]
[SourceVersionDate "2007.07.04"]
[SourceQuality "1"]

1. e4 c5 2. Nc3 Nc6 3. g3 e5 4. Bg2 d6 5. Nge2 g6 6. 0-0 Bg7 7. Nd5 Nge7 8. c3 Nxd5 9. exd5 Ne7 10. d4 b6 11. dxe5 Bxe5 12. Bf4 Bg7 13. Qd2 h6 14. Rfe1 f6 15. Qc2 Kf7 16. h3 Bf5 17. Qd2 g5 18. Be3 Ng6 19. g4 Bd7 20. f4 Re8 21. Ng3 Qc7 22. Be4 Rxe4 23. Nxe4 Re8 24. Ng3 Qc8 25. Rf1 Kg8 26. fxg5 fxg5 27. Bxg5 Bxg4 28. Bxh6 Bxh3 29. Qg5 Qg4 30. Qxg4 Bxg4 31. Bxg7 Kxg7 32. Rae1 Ne5 33. Kg2 Rh8 34. Rf4 Bh3+ 35. Kg1 Re8 36. Ree4 b5 37. Kh1 Bd7 38. Rh4 Rf8 39. Kg2 Kg6 40. Ref4 Rxf4 41. Rxf4 Nc4 42. Ne4 Bf5 43. Kg3 Bxe4 44. Rxe4 Kf5 45. Re6 Nxb2 46. Rxd6 Nd1 47. Rh6 Nxc3 48. d6 Ne4+ 49. Kf3 Nf6 50. Rh5+ Ke6 51. Rxc5 Kxd6 52. Rxb5 Kc6 53. Ra5 Kb6 54. Rf5 Nd7 55. Ke3 Nb8 56. Kd3 Nc6 57. Kc3 a6 58. Rh5 Na5 59. Kb4 Nc6+ 60. Kc3 Na5 61. Kb4 Nc6+ 62. Kc4 Na5+ 63. Kb4 Nc6+ 64. Kc4 1/2-1/2